[Event "Paracin op"]
[Site "Paracin"]
[Date "2009.08.25"]
[Round "8"]
[White "Kasparova, Yeva"]
[Black "Pavlovic, Slobodan"]
[Result "1/2-1/2"]
[WhiteElo "1778"]
[BlackElo "2140"]
[PlyCount "41"]
[EventDate "2009.08.19"]
[EventType "swiss"]
[EventRounds "9"]
[EventCountry "YUG"]
[SourceTitle "CBM 132 Extra"]
[Source "ChessBase"]
[SourceDate "2009.11.03"]
[SourceVersion "1"]
[SourceVersionDate "2009.11.03"]
[SourceQuality "1"]

1. d4 d5 2. Nf3 Nf6 3. e3 e6 4. c4 Bb4+ 5. Nc3 0-0 6. Be2 a6 7. 0-0 b6 8. Qb3 Bd6 9. Ne5 Bb7 10. f4 dxc4 11. Bxc4 Bxe5 12. fxe5 Ne4 13. Nxe4 Bxe4 14. Rf4 Bb7 15. Bd2 Nc6 16. Rd1 Qg5 17. Rf2 Kh8 18. Qd3 Rad8 19. Bxa6 Ba8 20. Qe2 Ne7 21. Bd3 1/2-1/2

[Event "Paracin op"]
[Site "Paracin"]
[Date "2009.08.23"]
[Round "5"]
[White "Helin, Mikael"]
[Black "Kasparova, Yeva"]
[Result "1-0"]
[WhiteElo "1973"]
[BlackElo "1778"]
[PlyCount "81"]
[EventDate "2009.08.19"]
[EventType "swiss"]
[EventRounds "9"]
[EventCountry "YUG"]
[SourceTitle "CBM 132 Extra"]
[Source "ChessBase"]
[SourceDate "2009.11.03"]
[SourceVersion "1"]
[SourceVersionDate "2009.11.03"]
[SourceQuality "1"]

1. e4 d6 2. Nc3 Nf6 3. g3 e5 4. Bg2 g6 5. Nge2 Bg7 6. 0-0 0-0 7. h3 Nbd7 8. d3 c6 9. f4 b5 10. f5 b4 11. Nb1 d5 12. g4 h6 13. g5 hxg5 14. Bxg5 dxe4 15. dxe4 Qb6+ 16. Kh2 Nc5 17. Ng3 Ba6 18. Rg1 Rad8 19. Qe1 Rd7 20. Nd2 Na4 21. Ngf1 Nxb2 22. Qh4 Nh7 23. f6 Bh8 24. Ne3 Nxg5 25. Ng4 Rfd8 26. Nf3 Nxf3+ 27. Bxf3 Rd2+ 28. Kh1 Be2 29. Nh6+ Kf8 30. Bxe2 Rxe2 31. Nf5 Ke8 32. Ng7+ Kd7 33. Qg4+ Kc7 34. Qxe2 Rd4 35. Rg4 Nc4 36. Rh4 Qb8 37. Rf1 Nd6 38. Qh2 Nc4 39. Qe2 Qg8 40. Ne6+ Kd6 41. Nxd4 1-0